000
00202 a2200097 4500
001
11997
100
_a
Hammarskjold
245
_a
Servant of peace
260
_a
_b
Happer of Row
_c
090
_c
9249
_d
9249
942
_a
NUST-CAE
_c
M
_c
36099
999
_c
247070
_d
247070